| 000 | 00576nam a22001937a 4500 | ||
|---|---|---|---|
| 005 | 20130530153408.0 | ||
| 010 | _aENG-107227 | ||
| 020 |
_a9789381499047 _c795.00 |
||
| 035 | _aEN-90760 | ||
| 037 | _bDBAD/PUB | ||
| 082 | _a322.10954 | ||
| 100 | _aAhmed, M.N. | ||
| 245 |
_aReligion and politics / _cby M.N. Ahmed |
||
| 260 |
_aDelhi _bShakti Publishers & Distributors _c2011 |
||
| 270 |
_aH-12 Jagatpuri, Parwana Road _bDelhi _e110051 |
||
| 300 |
_a302p. _c22cm(Hb) |
||
| 500 | _aIncludes bibliographical references | ||
| 942 |
_2ddc _cEN _h322.10954 _mAHM |
||
| 999 |
_c76378 _d76378 |
||